000 00690nam a2200253Ia 4500
003 OSt
005 20220918165532.0
006 a|||||r|||| 00| 0
007 ta
008 220917b |||||||| |||| 00| 0 eng d
020 _a8124603375 (hbk)
024 _a232,291
037 _cTextual
040 _aARTS
_cARTS
_beng
041 _2eng
_aeng
082 _aP15v:g, 111P5
100 _aKapoor Kapil
_924633
245 0 _aText and interpretation
_b the Indian tradition
260 _aNew Delhi
_bD.K. Printworld (P) Ltd.
_c2005
300 _aix, 220p.
_ccm.
650 _aLINGUISTICS
942 _hP15v:g, 111P5
_cTEXL
_2CC
999 _c130241
_d130241